[Event "Stay Safe Play From Home 328"]
[Site "Mustafa Kemal Atatürk"]
[Date "2020.07.24"]
[Round "6"]
[White "SoulofWolf"]
[Black "Mepe_Nika"]
[Result "0-1"]
[WhiteElo "2170"]
[BlackElo "2406"]
[Annotator "TA"]
[PlyCount "140"]
[EventDate "2020.07.24"]
[EventType "swiss (blitz)"]

{[%evp 13,140,18,27,23,45,37,40,39,20,-16,22,0,-4,-14,-16,-13,0,-70,-54,-151,-10,-352,-5,-14,-7,-9,0,-19,-8,-9,-10,-422,-56,-56,-57,-52,0,-37,-41,-516,-515,-479,-357,-329,-248,-259,-248,-258,-257,-238,-190,-176,-140,-263,-84,-91,-93,-93,6,6,7,0,0,0,0,0,0,-1095,0,0,0,0,12,0,0,0,12,12,27,0,0,0,0,-325,112,3,2,0,0,0,0,-63,-64,-271,-305,-282,-277,-502,-493,-1230,-1200,-5394,-5086,-4783,-4741,-4731,-1597,-5197,-4718,-29980,-29981,-29982,-29983,-29991,-29986,-29986,-29985,-29992,-29993,-29996,-29997,-29997,-29997,-29998,-29997,-29997,-29998,-29999,-5820]} 1. c4 c6 2. e3 d5 3. Nf3 Nf6 4. b3 e6 5. Bb2 Bd6 6. d4 Nbd7 7. Nbd2 O-O 8. Bd3 {D30: Queen's Gambit Declined: Systems without Nc3.} dxc4 9. bxc4 {[#]} Re8 $146 ({Predecessor:} 9... c5 10. O-O b6 11. d5 exd5 12. cxd5 Re8 13. Bb5 a6 14. Bc6 Rb8 15. Nc4 Bf8 {1-0 (27) Chatalbashev,B (2602)-Enchev,I (2431) Bankia 2011}) 10. c5 {White is slightly better.} Bc7 11. O-O e5 {Threatens to win with ...e4.} (11... Nxc5 $5 12. Bxh7+ Nxh7 13. dxc5 e5 $11) 12. Bc2 exd4 13. exd4 Nd5 14. Re1 N7f6 15. Nf1 (15. Rxe8+ $11 Qxe8 16. Nc4) 15... Bg4 $15 16. Qd3 (16. Rxe8+ $15 Qxe8 17. N1d2) 16... Qd7 (16... Nb4 $17 17. Qd2 Nxc2 18. Qxc2 Bxf3 19. Rxe8+ Qxe8 20. gxf3 Qe6) 17. h3 $2 {[%mdl 8192]} (17. Qa3 $11) 17... Bxf3 $2 (17... Nb4 $19 18. Qc4 Nxc2 19. hxg4 Nxe1 20. Rxe1 Rxe1 21. Nxe1 Re8) 18. Qxf3 $11 Rxe1 19. Rxe1 Re8 20. Rd1 Qe6 21. Bc1 Qe2 $36 {[%mdl 2048] White is under pressure.} 22. Qf5 $2 {[%mdl 8192]} (22. Qxe2 $11 {and White has nothing to worry.} Rxe2 23. Bd2) 22... g6 $2 (22... Nc3 $1 $19 {[%cal Rc3d1]} 23. Rd2 Qe1) 23. Qd3 $15 Qxd3 24. Bxd3 Nb4 ({Black should play} 24... Nc3 $15 25. Rd2 Bf4) 25. Bb1 Nfd5 {...Nc3 is the strong threat.} 26. g3 $2 {[%mdl 8192]} (26. Bd2 $15) 26... Nc3 $1 $19 {[%csl LRa2,LRb1,LRd1][%mdl 64] Double Attack} 27. Rd2 Nxb1 28. Rb2 Nc3 29. Rxb4 Ne2+ ({Stronger than} 29... Nxa2 30. Rxb7 Nxc1 31. Rxc7 $11) 30. Kg2 Nxc1 31. Rxb7 Bb8 32. Ne3 Ne2 33. d5 {[#]} (33. Nc2 $17 {was called for.}) 33... cxd5 $2 (33... Nd4 $1 $19 {has better winning chances.} 34. Rb4 Be5) 34. Nxd5 $17 {And now Nf6+ would win.} Kg7 35. c6 {[#]} Nd4 (35... Be5 $1 $17 36. f4 Nc3) 36. c7 $11 Bxc7 37. Rxc7 {[%mdl 4096] Endgame KRN-KRN} Re5 38. Nf4 a5 39. Rc4 Nb5 40. Rc7 $2 {[%mdl 8192]} (40. Kf3 $11) 40... Nd6 $2 ({Black should try} 40... Nxc7 $19 41. Kf3 Ne6) 41. Ra7 h5 42. h4 Nf5 43. Nd3 Rd5 44. Nf4 Rb5 45. Ne6+ Kf6 46. Nc7 Rc5 47. Ne8+ Ke5 48. Ng7 $2 {[%mdl 8192]} (48. Ra6 $11 {and White stays safe.}) 48... Kd4 $2 ({Better is} 48... Nxg7 $19 49. Rxf7 Nf5) 49. Nxf5+ (49. Rxf7 $16 Nd6 50. Ne6+ Ke5 51. Re7 (51. Nxc5 Nxf7 52. Kf3 Kd5 $16)) 49... Rxf5 $16 {KR-KR} 50. Rd7+ Kc4 51. Ra7 Kb4 52. Rd7 (52. f3 $1 $11) 52... Ka3 53. Rd2 $2 {White is on the road to losing.} (53. f3 $1 $15) 53... a4 $19 54. Re2 Rb5 55. g4 $2 (55. Kf3) 55... Rb2 56. Re3+ (56. Re4 $142 Rb4 57. Re2) 56... Kxa2 57. gxh5 gxh5 58. Re1 a3 59. Re7 Rb1 (59... Rb4 $142 60. Kf1 Kb1 61. Re1+ Kb2 62. Re2+ Kb1 63. Re1+ Kc2 64. Re2+ Kb3 65. Re3+ Ka4) 60. Ra7 Rb3 61. f3 Kb2 {Black mates.} 62. Kg3 a2 63. Rd7 Ra3 64. Rd2+ Kc1 65. Rd4 a1=Q 66. Rd1+ Kxd1 67. Kf4 Kd2 68. Kg5 Ra4 69. f4 Ra5+ 70. Kh6 Rf5 {Accuracy: White = 41%, Black = 57%.} (70... Qh8# $142) 0-1

[Event "Stay Safe Play From Home 328"]
[Site "Mustafa Kemal Atatürk"]
[Date "2020.07.24"]
[Round "6"]
[White "SelamiSahin"]
[Black "BrainThinker22"]
[Result "1-0"]
[WhiteElo "2079"]
[BlackElo "2404"]
[Annotator "NA"]
[PlyCount "109"]
[EventDate "2020.07.24"]
[EventType "swiss (blitz)"]

1. d4 {[%emt 0:00:01]} d5 {[%emt 0:00:01]} 2. c4 {[%emt 0:00:00]} e6 {[%emt 0:00:00]} 3. Nc3 {[%emt 0:00:01]} c5 {[%emt 0:00:01]} 4. e3 {[%emt 0:00:01]} Nf6 {[%emt 0:00:01]} 5. Nf3 {[%emt 0:00:01]} Nc6 {[%emt 0:00:00]} 6. cxd5 {[%emt 0:00:01]} exd5 {[%emt 0:00:00]} 7. Be2 {[%emt 0:00:00]} Be7 {[%emt 0:00:01]} 8. O-O {[%emt 0:00:00]} O-O {[%emt 0:00:00]} 9. dxc5 {[%emt 0:00:00]} Bxc5 {[%emt 0:00:00]} 10. b3 {[%emt 0:00:01]} Bg4 {[%emt 0:00:01]} 11. Bb2 {[%emt 0:00:01]} Re8 {[%emt 0:00:01]} 12. Rc1 {[%emt 0:00:01]} a6 {[%emt 0:00:02]} 13. Na4 {[%emt 0:00:01]} Ba7 {[%emt 0:00:01]} 14. Nc5 {[%emt 0:00:00]} Bxc5 {[%emt 0:00:01]} 15. Rxc5 {[%emt 0:00:00]} Qe7 {[%emt 0:00:03]} 16. Rc1 {[%emt 0:00:01]} Rad8 {[%emt 0:00:01]} 17. Nd4 {[%emt 0:00:01]} Bxe2 {[%emt 0:00:02]} 18. Qxe2 {[%emt 0:00:00]} Ne5 {[%emt 0:00:01]} 19. Rfd1 {[%emt 0:00:02]} Neg4 {[%emt 0:00:04]} 20. h3 {[%emt 0:00:01]} Nh6 {[%emt 0:00:01]} 21. Qf3 {[%emt 0:00:02]} Ne4 {[%emt 0:00:01]} 22. Nf5 {[%emt 0:00:01]} Nxf5 {[%emt 0:00:01]} 23. Qxf5 {[%emt 0:00:00]} Qe6 {[%emt 0:00:01]} 24. Qxe6 {[%emt 0:00:02]} fxe6 {[%emt 0:00:00]} 25. Rc7 {[%emt 0:00:01]} e5 {[%emt 0:00:06]} 26. Rxb7 {[%emt 0:00:02]} Nf6 {[%emt 0:00:02]} 27. Rb6 {[%emt 0:00:03]} a5 {[%emt 0:00:00]} 28. Rb5 {[%emt 0:00:02]} d4 {[%emt 0:00:04]} 29. exd4 {[%emt 0:00:01]} e4 {[%emt 0:00:01]} 30. Re1 {[%emt 0:00:02]} Nd5 {[%emt 0:00:01]} 31. Rxa5 {[%emt 0:00:01]} Nb4 {[%emt 0:00:01]} 32. Re2 {[%emt 0:00:04]} Nd3 {[%emt 0:00:01]} 33. b4 {[%emt 0:00:03]} Nxb2 {[%emt 0:00:01]} 34. Rxb2 {[%emt 0:00:00]} Rxd4 {[%emt 0:00:00]} 35. b5 {[%emt 0:00:01]} Rb8 {[%emt 0:00:01]} 36. a4 {[%emt 0:00:02]} Kf7 {[%emt 0:00:02]} 37. Ra7+ {[%emt 0:00:01]} Kf6 {[%emt 0:00:02]} 38. b6 {[%emt 0:00:00]} Rd1+ {[%emt 0:00:03]} 39. Kh2 {[%emt 0:00:01]} e3 {[%emt 0:00:00]} 40. fxe3 {[%emt 0:00:01]} Rd6 {[%emt 0:00:00]} 41. a5 {[%emt 0:00:00]} Re6 {[%emt 0:00:01]} 42. b7 {[%emt 0:00:01]} Ke7 {[%emt 0:00:00]} 43. Ra8 {[%emt 0:00:01]} Rxb7 {[%emt 0:00:02]} 44. Rxb7+ {[%emt 0:00:01]} Kf6 {[%emt 0:00:00]} 45. a6 {[%emt 0:00:00]} Rxe3 {[%emt 0:00:00]} 46. Rab8 {[%emt 0:00:01]} Ra3 {[%emt 0:00:01]} 47. Rb6+ {[%emt 0:00:00]} Kg5 {[%emt 0:00:00]} 48. R8b7 {[%emt 0:00:00]} g6 {[%emt 0:00:00]} 49. a7 {[%emt 0:00:00]} Kh6 {[%emt 0:00:00]} 50. Rc6 {[%emt 0:00:01]} Rxa7 {[%emt 0:00:00]} 51. Rxa7 {[%emt 0:00:01]} Kh5 {[%emt 0:00:00]} 52. Rc5+ {[%emt 0:00:00]} g5 {[%emt 0:00:01]} 53. Rxh7+ {[%emt 0:00:01]} Kg6 {[%emt 0:00:00]} 54. Rb7 {[%emt 0:00:00]} Kh5 {[%emt 0:00:01]} 55. Rb4 {[%emt 0:00:00] Time (Lag: Av=0.51s, max=0.8s)} 1-0

[Event "Stay Safe Play From Home 328"]
[Site "Mustafa Kemal Atatürk"]
[Date "2020.07.24"]
[Round "6"]
[White "Stefanone"]
[Black "Lamborghini"]
[Result "1-0"]
[WhiteElo "2014"]
[BlackElo "2207"]
[PlyCount "33"]
[EventDate "2020.07.24"]
[EventType "swiss (blitz)"]

1. d4 {[%emt 0:00:00]} Nf6 {[%emt 0:00:02]} 2. e3 {[%emt 0:00:00]} g6 {[%emt 0:00:00]} 3. Nf3 {[%emt 0:00:00]} Bg7 {[%emt 0:00:00]} 4. g3 {[%emt 0:00:00]} O-O {[%emt 0:00:00]} 5. Bg2 {[%emt 0:00:00]} d6 {[%emt 0:00:01]} 6. b3 {[%emt 0:00:01]} e5 {[%emt 0:00:01]} 7. dxe5 {[%emt 0:00:01]} Ng4 {[%emt 0:00:01]} 8. Bb2 {[%emt 0:00:02]} Nxe5 {[%emt 0:00:01]} 9. Nxe5 {[%emt 0:00:01]} Re8 {[%emt 0:00:03]} 10. Nd3 {[%emt 0:00:05]} Bxb2 {[%emt 0:00:04]} 11. Nxb2 {[%emt 0:00:00]} Qf6 {[%emt 0:00:01]} 12. Qd4 {[%emt 0:00:03]} Re5 {[%emt 0:00:02]} 13. f4 {[%emt 0:00:02]} Rxe3+ {[%emt 0:00:01]} 14. Qxe3 {[%emt 0:00:02]} Qxb2 {[%emt 0:00:03]} 15. Qc3 {[%emt 0:00:03]} Qc1+ {[%emt 0:00:02]} 16. Kf2 {[%emt 0:00:01]} Qxf4+ {[%emt 0:00:02]} 17. gxf4 {[%emt 0:00:01] Lamborghini gibt auf (Lag: Av=0.33s, max=0.4s)} 1-0

[Event "Stay Safe Play From Home 328"]
[Site "Mustafa Kemal Atatürk"]
[Date "2020.07.24"]
[Round "6"]
[White "Greblha"]
[Black "Padmaesh M K"]
[Result "1/2-1/2"]
[WhiteElo "1907"]
[BlackElo "1728"]
[Annotator "NA"]
[PlyCount "115"]
[EventDate "2020.07.24"]
[EventType "swiss (blitz)"]

1. e4 {[%emt 0:00:00]} c5 {[%emt 0:00:03]} 2. Nc3 {[%emt 0:00:02]} Nc6 {[%emt 0:00:01]} 3. g3 {[%emt 0:00:00]} e5 {[%emt 0:00:01]} 4. Bg2 {[%emt 0:00:00]} d6 {[%emt 0:00:00]} 5. d3 {[%emt 0:00:00]} Nf6 {[%emt 0:00:02]} 6. Be3 {[%emt 0:00:00]} Bg4 {[%emt 0:00:02]} 7. f4 {[%emt 0:00:03]} Bxd1 {[%emt 0:00:02]} 8. Rxd1 {[%emt 0:00:00]} Nd4 {[%emt 0:00:02]} 9. Nf3 {[%emt 0:00:00]} Nxc2+ {[%emt 0:00:02]} 10. Kf2 {[%emt 0:00:02]} Nxe3 {[%emt 0:00:00]} 11. Kxe3 {[%emt 0:00:01]} Ng4+ {[%emt 0:00:01]} 12. Ke2 {[%emt 0:00:01]} Be7 {[%emt 0:00:01]} 13. h3 {[%emt 0:00:01]} Nf6 {[%emt 0:00:02]} 14. f5 {[%emt 0:00:00]} Nh5 {[%emt 0:00:03]} 15. Kf2 {[%emt 0:00:02]} Bg5 {[%emt 0:00:02]} 16. Nd5 {[%emt 0:00:02]} O-O {[%emt 0:00:03]} 17. h4 {[%emt 0:00:03]} Be7 {[%emt 0:00:02]} 18. b3 {[%emt 0:00:01]} Nf6 {[%emt 0:00:04]} 19. Ne3 {[%emt 0:00:02]} d5 {[%emt 0:00:02]} 20. Ng5 {[%emt 0:00:02]} dxe4 {[%emt 0:00:02]} 21. dxe4 {[%emt 0:00:01]} Qa5 {[%emt 0:00:01]} 22. Nc4 {[%emt 0:00:01]} Qxa2+ {[%emt 0:00:01]} 23. Rd2 {[%emt 0:00:01]} Qxb3 {[%emt 0:00:02]} 24. Nxe5 {[%emt 0:00:01]} h6 {[%emt 0:00:02]} 25. Ngf3 {[%emt 0:00:02]} Ng4+ {[%emt 0:00:01]} 26. Kf1 {[%emt 0:00:01]} Ne3+ {[%emt 0:00:04]} 27. Kg1 {[%emt 0:00:01]} Nxg2 {[%emt 0:00:03]} 28. Kxg2 {[%emt 0:00:00]} Bf6 {[%emt 0:00:01]} 29. Ng4 {[%emt 0:00:01]} Rfd8 {[%emt 0:00:03]} 30. Re2 {[%emt 0:00:00]} Rd3 {[%emt 0:00:01]} 31. Ngh2 {[%emt 0:00:03]} Rxf3 {[%emt 0:00:01]} 32. Nxf3 {[%emt 0:00:01]} Rd8 {[%emt 0:00:00]} 33. Rhe1 {[%emt 0:00:01]} Rd3 {[%emt 0:00:00]} 34. Kf2 {[%emt 0:00:01]} Bd4+ {[%emt 0:00:01]} 35. Nxd4 {[%emt 0:00:02]} cxd4 {[%emt 0:00:00]} 36. Kf1 {[%emt 0:00:01]} Rf3+ {[%emt 0:00:00]} 37. Rf2 {[%emt 0:00:00]} Rxg3 {[%emt 0:00:00]} 38. Ree2 {[%emt 0:00:01]} Rh3 {[%emt 0:00:00]} 39. Rg2 {[%emt 0:00:01]} Rh1+ {[%emt 0:00:00]} 40. Rg1 {[%emt 0:00:00]} Qf3+ {[%emt 0:00:00]} 41. Rf2 {[%emt 0:00:01]} Rxg1+ {[%emt 0:00:00]} 42. Kxg1 {[%emt 0:00:01]} Qg3+ {[%emt 0:00:00]} 43. Kf1 {[%emt 0:00:00]} Qxh4 {[%emt 0:00:00]} 44. Ke2 {[%emt 0:00:01]} Qxe4+ {[%emt 0:00:00]} 45. Kd2 {[%emt 0:00:01]} Qd5 {[%emt 0:00:00]} 46. Rf4 {[%emt 0:00:01]} Qa5+ {[%emt 0:00:00]} 47. Kd3 {[%emt 0:00:01]} Qc3+ {[%emt 0:00:00]} 48. Ke4 {[%emt 0:00:01]} Qe3+ {[%emt 0:00:00]} 49. Kd5 {[%emt 0:00:01]} Qxf4 {[%emt 0:00:00]} 50. Kc4 {[%emt 0:00:00]} d3+ {[%emt 0:00:00]} 51. Kxd3 {[%emt 0:00:00]} Qxf5+ {[%emt 0:00:00]} 52. Kc4 {[%emt 0:00:00]} Qe6+ {[%emt 0:00:00]} 53. Kc5 {[%emt 0:00:00]} f5 {[%emt 0:00:01]} 54. Kd4 {[%emt 0:00:01]} f4 {[%emt 0:00:00]} 55. Kc3 {[%emt 0:00:00]} f3 {[%emt 0:00:00]} 56. Kd2 {[%emt 0:00:00]} f2 {[%emt 0:00:00]} 57. Kd3 {[%emt 0:00:01]} f1=Q+ {[%emt 0:00:00]} 58. Kd4 {[%emt 0:00:00] Time (Lag: Av=0.40s, max=1.0s)} 1/2-1/2

[Event "Stay Safe Play From Home 328"]
[Site "Mustafa Kemal Atatürk"]
[Date "2020.07.24"]
[Round "6"]
[White "Edmatuag"]
[Black "NeatFox"]
[Result "0-1"]
[WhiteElo "1650"]
[BlackElo "1850"]
[Annotator "NA"]
[PlyCount "100"]
[EventDate "2020.07.24"]
[EventType "swiss (blitz)"]

1. e4 {[%emt 0:00:02]} c6 {[%emt 0:00:00]} 2. d3 {[%emt 0:00:01]} d5 {[%emt 0:00:00]} 3. Nd2 {[%emt 0:00:02]} dxe4 {[%emt 0:00:01]} 4. Nxe4 {[%emt 0:00:01]} Nf6 {[%emt 0:00:00]} 5. c3 {[%emt 0:00:02]} Nxe4 {[%emt 0:00:01]} 6. dxe4 {[%emt 0:00:00]} Qxd1+ {[%emt 0:00:01]} 7. Kxd1 {[%emt 0:00:00]} Nd7 {[%emt 0:00:01]} 8. Kc2 {[%emt 0:00:00]} Nf6 {[%emt 0:00:00]} 9. f3 {[%emt 0:00:01]} e5 {[%emt 0:00:01]} 10. Be3 {[%emt 0:00:01]} Bd6 {[%emt 0:00:00]} 11. Bc4 {[%emt 0:00:02]} Be6 {[%emt 0:00:01]} 12. Bxe6 {[%emt 0:00:01]} fxe6 {[%emt 0:00:00]} 13. Ne2 {[%emt 0:00:01]} O-O-O {[%emt 0:00:00]} 14. Rad1 {[%emt 0:00:01]} Be7 {[%emt 0:00:02]} 15. Rxd8+ {[%emt 0:00:08]} Rxd8 {[%emt 0:00:00]} 16. Rd1 {[%emt 0:00:01]} Rxd1 {[%emt 0:00:01]} 17. Kxd1 {[%emt 0:00:00]} h6 {[%emt 0:00:02]} 18. Kc2 {[%emt 0:00:00]} g5 {[%emt 0:00:01]} 19. Kd3 {[%emt 0:00:01]} Nh5 {[%emt 0:00:01]} 20. g3 {[%emt 0:00:02]} Nf6 {[%emt 0:00:02]} 21. Kc4 {[%emt 0:00:02]} Nd7 {[%emt 0:00:00]} 22. b4 {[%emt 0:00:01]} b6 {[%emt 0:00:00]} 23. a4 {[%emt 0:00:01]} Kb7 {[%emt 0:00:00]} 24. a5 {[%emt 0:00:01]} b5+ {[%emt 0:00:01]} 25. Kb3 {[%emt 0:00:01]} a6 {[%emt 0:00:01]} 26. c4 {[%emt 0:00:01]} Nf6 {[%emt 0:00:02]} 27. Nc3 {[%emt 0:00:01]} bxc4+ {[%emt 0:00:01]} 28. Kxc4 {[%emt 0:00:02]} Nd7 {[%emt 0:00:00]} 29. Na4 {[%emt 0:00:02]} Bd6 {[%emt 0:00:02]} 30. Nb2 {[%emt 0:00:03]} Nf6 {[%emt 0:00:04]} 31. Nd3 {[%emt 0:00:01]} Nh7 {[%emt 0:00:03]} 32. Bc5 {[%emt 0:00:01]} Bc7 {[%emt 0:00:01]} 33. Be7 {[%emt 0:00:02]} h5 {[%emt 0:00:02]} 34. Nc5+ {[%emt 0:00:01]} Kc8 {[%emt 0:00:05]} 35. Nxe6 {[%emt 0:00:00]} Kd7 {[%emt 0:00:01]} 36. Nxg5 {[%emt 0:00:02]} Kxe7 {[%emt 0:00:01]} 37. Nxh7 {[%emt 0:00:01]} Kf7 {[%emt 0:00:02]} 38. Ng5+ {[%emt 0:00:01]} Kf6 {[%emt 0:00:01]} 39. h4 {[%emt 0:00:00]} Kg6 {[%emt 0:00:01]} 40. Nh3 {[%emt 0:00:01]} Kf6 {[%emt 0:00:01]} 41. Nf2 {[%emt 0:00:00]} Ke6 {[%emt 0:00:01]} 42. Nd3 {[%emt 0:00:00]} Bd6 {[%emt 0:00:01]} 43. Nc5+ {[%emt 0:00:02]} Ke7 {[%emt 0:00:03]} 44. Nxa6 {[%emt 0:00:01]} Bc7 {[%emt 0:00:00]} 45. Nc5 {[%emt 0:00:00]} Bd6 {[%emt 0:00:01]} 46. Nb7 {[%emt 0:00:01]} Bb8 {[%emt 0:00:00]} 47. Kc5 {[%emt 0:00:01]} Kd7 {[%emt 0:00:00]} 48. Kb6 {[%emt 0:00:01]} Bc7+ {[%emt 0:00:02]} 49. Ka7 {[%emt 0:00:01]} Bb8+ {[%emt 0:00:00]} 50. Ka8 {[%emt 0:00:01]} Bc7 {[%emt 0:00:01] Time (Lag: Av=0.57s, max=1.1s)} 0-1

[Event "Stay Safe Play From Home 328"]
[Site "Mustafa Kemal Atatürk"]
[Date "2020.07.24"]
[Round "6"]
[White "Capaeuwekhine"]
[Black "Oznog"]
[Result "1-0"]
[WhiteElo "1648"]
[BlackElo "1776"]
[Annotator "NA"]
[PlyCount "67"]
[EventDate "2020.07.24"]
[EventType "swiss (blitz)"]

1. d4 {[%emt 0:00:01]} c5 {[%emt 0:00:01]} 2. Nf3 {[%emt 0:00:00]} cxd4 {[%emt 0:00:00]} 3. Nxd4 {[%emt 0:00:01]} Nf6 {[%emt 0:00:00]} 4. e3 {[%emt 0:00:01]} e6 {[%emt 0:00:01]} 5. c3 {[%emt 0:00:01]} d5 {[%emt 0:00:01]} 6. g3 {[%emt 0:00:01]} Bd6 {[%emt 0:00:01]} 7. Bg2 {[%emt 0:00:01]} O-O {[%emt 0:00:01]} 8. O-O {[%emt 0:00:00]} Nc6 {[%emt 0:00:01]} 9. Nd2 {[%emt 0:00:00]} Nxd4 {[%emt 0:00:01]} 10. exd4 {[%emt 0:00:01]} Bd7 {[%emt 0:00:01]} 11. f4 {[%emt 0:00:01]} Bc6 {[%emt 0:00:00]} 12. Nf3 {[%emt 0:00:01]} Ne4 {[%emt 0:00:02]} 13. Qe2 {[%emt 0:00:01]} f5 {[%emt 0:00:01]} 14. Ne5 {[%emt 0:00:01]} Bxe5 {[%emt 0:00:01]} 15. Bxe4 {[%emt 0:00:01]} Bxd4+ {[%emt 0:00:03]} 16. cxd4 {[%emt 0:00:02]} dxe4 {[%emt 0:00:01]} 17. Be3 {[%emt 0:00:02]} Qd5 {[%emt 0:00:01]} 18. Rac1 {[%emt 0:00:01]} Rac8 {[%emt 0:00:02]} 19. a3 {[%emt 0:00:01]} Rc7 {[%emt 0:00:01]} 20. b4 {[%emt 0:00:01]} Rfc8 {[%emt 0:00:01]} 21. Rc5 {[%emt 0:00:01]} Qb3 {[%emt 0:00:04]} 22. Rfc1 {[%emt 0:00:01]} Qa4 {[%emt 0:00:03]} 23. d5 {[%emt 0:00:03]} exd5 {[%emt 0:00:01]} 24. Qa2 {[%emt 0:00:04]} h6 {[%emt 0:00:02]} 25. Bd4 {[%emt 0:00:01]} Qa6 {[%emt 0:00:02]} 26. Be5 {[%emt 0:00:01]} Re7 {[%emt 0:00:05]} 27. Rxd5 {[%emt 0:00:01]} Bxd5 {[%emt 0:00:03]} 28. Qxd5+ {[%emt 0:00:03]} Qe6 {[%emt 0:00:03]} 29. Qxe6+ {[%emt 0:00:03]} Rxe6 {[%emt 0:00:00]} 30. Rxc8+ {[%emt 0:00:01]} Kh7 {[%emt 0:00:00]} 31. Rc7 {[%emt 0:00:01]} Rg6 {[%emt 0:00:05]} 32. Kf2 {[%emt 0:00:01]} a6 {[%emt 0:00:02]} 33. h4 {[%emt 0:00:01]} h5 {[%emt 0:00:01]} 34. Rxb7 {[%emt 0:00:02] Oznog resigns (Lag: Av=0.79s, max=1.8s)} 1-0

[Event "Stay Safe Play From Home 328"]
[Site "Mustafa Kemal Atatürk"]
[Date "2020.07.24"]
[Round "6"]
[White "Trotsky"]
[Black "W Nelles"]
[Result "1-0"]
[WhiteElo "1630"]
[BlackElo "1159"]
[Annotator "NA"]
[PlyCount "53"]
[EventDate "2020.07.24"]
[EventType "swiss (blitz)"]

1. d4 {[%emt 0:00:02]} d5 {[%emt 0:00:01]} 2. e3 {[%emt 0:00:00]} Nc6 {[%emt 0:00:01]} 3. c4 {[%emt 0:00:01]} dxc4 {[%emt 0:00:01]} 4. Bxc4 {[%emt 0:00:01]} Bd7 {[%emt 0:00:01]} 5. a3 {[%emt 0:00:01]} Nf6 {[%emt 0:00:02]} 6. Nc3 {[%emt 0:00:01]} a6 {[%emt 0:00:01]} 7. Qc2 {[%emt 0:00:01]} b5 {[%emt 0:00:02]} 8. Bd3 {[%emt 0:00:00]} e6 {[%emt 0:00:04]} 9. Nf3 {[%emt 0:00:01]} Nd5 {[%emt 0:00:02]} 10. Bd2 {[%emt 0:00:00]} Nxc3 {[%emt 0:00:01]} 11. bxc3 {[%emt 0:00:00]} Be7 {[%emt 0:00:03]} 12. h4 {[%emt 0:00:00]} O-O {[%emt 0:00:01]} 13. Ng5 {[%emt 0:00:01]} f6 {[%emt 0:00:03]} 14. Bxh7+ {[%emt 0:00:02]} Kh8 {[%emt 0:00:01]} 15. Bg8 {[%emt 0:00:01]} f5 {[%emt 0:00:05]} 16. Bxe6 {[%emt 0:00:03]} Rf6 {[%emt 0:00:06]} 17. d5 {[%emt 0:00:03]} Bxe6 {[%emt 0:00:04]} 18. dxe6 {[%emt 0:00:01]} Qd5 {[%emt 0:00:06]} 19. O-O-O {[%emt 0:00:02]} Na5 {[%emt 0:00:03]} 20. Nf7+ {[%emt 0:00:07]} Rxf7 {[%emt 0:00:03]} 21. exf7 {[%emt 0:00:01]} Qxf7 {[%emt 0:00:01]} 22. Kb2 {[%emt 0:00:03]} Nc4+ {[%emt 0:00:02]} 23. Ka1 {[%emt 0:00:01]} Nxd2 {[%emt 0:00:02]} 24. Rxd2 {[%emt 0:00:01]} Qc4 {[%emt 0:00:01]} 25. Rd8+ {[%emt 0:00:02]} Rxd8 {[%emt 0:00:02]} 26. Qxf5 {[%emt 0:00:01]} Qg8 {[%emt 0:00:03]} 27. h5 {[%emt 0:00:03] Zeit (Lag: Av=0.52s, max=0.9s)} 1-0

[Event "Stay Safe Play From Home 328"]
[Site "Mustafa Kemal Atatürk"]
[Date "2020.07.24"]
[Round "6"]
[White "Meini"]
[Black "Klasman"]
[Result "1-0"]
[WhiteElo "1489"]
[BlackElo "1337"]
[Annotator "NA"]
[PlyCount "41"]
[EventDate "2020.07.24"]
[EventType "swiss (blitz)"]

1. d4 {[%emt 0:00:01]} f5 {[%emt 0:00:01]} 2. Bf4 {[%emt 0:00:04]} Nf6 {[%emt 0:00:01]} 3. e3 {[%emt 0:00:00]} e6 {[%emt 0:00:01]} 4. Nf3 {[%emt 0:00:01]} c5 {[%emt 0:00:01]} 5. c3 {[%emt 0:00:01]} Qb6 {[%emt 0:00:01]} 6. Qb3 {[%emt 0:00:02]} Nc6 {[%emt 0:00:04]} 7. Nbd2 {[%emt 0:00:02]} cxd4 {[%emt 0:00:04]} 8. exd4 {[%emt 0:00:01]} Be7 {[%emt 0:00:04]} 9. Nc4 {[%emt 0:00:01]} Qxb3 {[%emt 0:00:02]} 10. axb3 {[%emt 0:00:01]} d5 {[%emt 0:00:02]} 11. Nce5 {[%emt 0:00:02]} Ne4 {[%emt 0:00:04]} 12. Bd3 {[%emt 0:00:04]} O-O {[%emt 0:00:02]} 13. b4 {[%emt 0:00:01]} Nxe5 {[%emt 0:00:01]} 14. Nxe5 {[%emt 0:00:02]} Bf6 {[%emt 0:00:04]} 15. O-O {[%emt 0:00:02]} Bxe5 {[%emt 0:00:01]} 16. Bxe5 {[%emt 0:00:02]} Bd7 {[%emt 0:00:01]} 17. f3 {[%emt 0:00:04]} Nd2 {[%emt 0:00:02]} 18. Rfd1 {[%emt 0:00:02]} Nb3 {[%emt 0:00:06]} 19. Ra3 {[%emt 0:00:01]} Nxd4 {[%emt 0:00:13]} 20. Bxd4 {[%emt 0:00:02]} b6 {[%emt 0:00:02]} 21. Rda1 {[%emt 0:00:02] Time (Lag: Av=0.46s, max=0.9s)} 1-0

[Event "Stay Safe Play From Home 328"]
[Site "Mustafa Kemal Atatürk"]
[Date "2020.07.24"]
[Round "7"]
[White "Mepe_Nika"]
[Black "Trotsky"]
[Result "1-0"]
[WhiteElo "2413"]
[BlackElo "1632"]
[PlyCount "33"]
[EventDate "2020.07.24"]
[EventType "swiss (blitz)"]

1. d4 {[%emt 0:00:02]} d5 {[%emt 0:00:01]} 2. Bf4 {[%emt 0:00:01]} e6 {[%emt 0:00:00]} 3. e3 {[%emt 0:00:01]} c5 {[%emt 0:00:00]} 4. c3 {[%emt 0:00:01]} Nc6 {[%emt 0:00:01]} 5. Nd2 {[%emt 0:00:01]} c4 {[%emt 0:00:00]} 6. e4 {[%emt 0:00:02]} Bd6 {[%emt 0:00:06]} 7. Bxd6 {[%emt 0:00:02]} Qxd6 {[%emt 0:00:01]} 8. e5 {[%emt 0:00:00]} Qc7 {[%emt 0:00:01]} 9. f4 {[%emt 0:00:01]} Bd7 {[%emt 0:00:01]} 10. Ngf3 {[%emt 0:00:01]} O-O-O {[%emt 0:00:01]} 11. Be2 {[%emt 0:00:01]} f6 {[%emt 0:00:00]} 12. O-O {[%emt 0:00:01]} fxe5 {[%emt 0:00:01]} 13. fxe5 {[%emt 0:00:00]} h5 {[%emt 0:00:01]} 14. Ng5 {[%emt 0:00:01]} Rf8 {[%emt 0:00:02]} 15. Rxf8+ {[%emt 0:00:02]} Nd8 {[%emt 0:00:05]} 16. Nf7 {[%emt 0:00:01]} Nh6 {[%emt 0:00:01]} 17. Nxh8 {[%emt 0:00:04] Trotsky Ñäàåòñÿ (Lag: Av=0.37s, max=1.1s)} 1-0